Teresa de Jesús : (Record n. 1534)

Dettagli MARC
000 -LEADER
fixed length control field 00691nam a2200193 i 4500
003 - CONTROL NUMBER IDENTIFIER
control field IT-RoINE
005 - DATE AND TIME OF LATEST TRANSACTION
control field 20150114144708.0
008 - FIXED-LENGTH DATA ELEMENTS--GENERAL INFORMATION
fixed length control field 140115s1982 sp |||||r|||| 10| 0 spa d
111 2# - MAIN ENTRY--MEETING NAME
9 (RLIN) 2936
Meeting name or jurisdiction name as entry element Conversaciones de Toledo
Date of meeting (1981.
Location of meeting España)
245 10 - TITLE STATEMENT
Title Teresa de Jesús :
Remainder of title IV centenario : Conversaciones de Toledo, noviembre 1981.
260 ## - PUBLICATION, DISTRIBUTION, ETC. (IMPRINT)
Place of publication, distribution, etc Toledo :
Name of publisher, distributor, etc Estudio teológico de San Ildefonso,
Date of publication, distribution, etc 1982.
300 ## - PHYSICAL DESCRIPTION
Extent 233 p. ;
Dimensions 22 cm.
336 ## - CONTENT TYPE
Source rdacontent
Content type term text
337 ## - MEDIA TYPE
Source rdamedia
Media type term unmediated
338 ## - CARRIER TYPE
Source rdacarrier
Carrier type term volume
600 #4 - SUBJECT ADDED ENTRY--PERSONAL NAME
Personal name Teresa de Jesús,
Titles and other words associated with a name Santa,
Dates associated with a name 1515-1582
Form subdivision Congresos
9 (RLIN) 2963
710 2# - ADDED ENTRY--CORPORATE NAME
9 (RLIN) 2903
Corporate name or jurisdiction name as entry element Estudio Teológico de San Ildefonso (Toledo, España)
942 ## - ADDED ENTRY ELEMENTS (KOHA)
Item type Monografías
Dati di copia
Withdrawn status Lost status Damaged status Not for loan Home library Current library Date acquired Inventory number Total Checkouts Full call number Barcode Date last seen Price effective from Koha item type
        Iglesia Nacional Española en Roma Iglesia Nacional Española en Roma 15/01/2014 88074   TEO 268 1762 15/01/2014 15/01/2014 Monografías